Statistics for Footballers by Picture 3

Click here to take the quiz!

General Stats

  • This quiz has been taken 276 times
    (253 since last reset)
  • The average score is 14 of 16

Answer Stats

Answer% Correct
Paul Pogba
97%
Harry Maguire
93%
Sergio Aguero
92%
Thiago Silva
92%
Paulo Dybala
91%
Raheem Sterling
91%
Thibaut Courtois
87%
Toni Kroos
87%
Jordan Henderson
81%
Jadon Sancho
80%
Jan Oblak
80%
Thiago
80%
Sergio Busquets
79%
Christian Eriksen
76%
Joshua Kimmich
76%
Ruben Dias
68%

Score Distribution

Percentile by Number Answered

Percent of People with Each Score

Your Score History

You have not taken this quiz since the last reset